Normal view
MARC view
- الادارة التعليمية-التعلم الصفي-طرق التعلم-اساليب التدريس
Entry Topical Term
001 - CONTROL NUMBER
- control field: 61061
003 - CONTROL NUMBER IDENTIFIER
- control field: JO-AjAnu
005 - DATE AND TIME OF LATEST TRANSACTION
- control field: 20230606083958.0
008 - FIXED-LENGTH DATA ELEMENTS
- fixed length control field: 230606|| aca||aabn | a|a d
040 ## - CATALOGING SOURCE
- Original cataloging agency: JO-AjAnu
- Transcribing agency: JO-AjAnu
150 ## - HEADING--TOPICAL TERM
- Topical term or geographic name entry element: الادارة التعليمية-التعلم الصفي-طرق التعلم-اساليب التدريس
670 ## - SOURCE DATA FOUND
- Source citation: Work cat.: (JO-AjAnu)31144: تاليف قاسم، وفاء مصطفى, author 61060, تنظيم بيئة التعلم الصفي: الادارة الصفية بين النظرية والتطبيق